Concepts of programming languages
Zapisane w:
| 1. autor: | |
|---|---|
| Format: | Książka |
| Język: | Undetermined |
| Wydane: |
Boston
Pearson/Addison-Wesley
2006
|
| Hasła przedmiotowe: | |
| Etykiety: |
Dodaj etykietę
Nie ma etykietki, Dołącz pierwszą etykiete!
|
| Thư viện lưu trữ: | Trung tâm Học liệu Trường Đại học Cần Thơ |
|---|
| LEADER | 00537nam a2200193Ia 4500 | ||
|---|---|---|---|
| 001 | CTU_100797 | ||
| 008 | 210402s9999 xx 000 0 und d | ||
| 020 | |c 297000 | ||
| 082 | |a 005.13 | ||
| 082 | |b S443 | ||
| 100 | |a Sebesta, Robert W. | ||
| 245 | 0 | |a Concepts of programming languages | |
| 245 | 0 | |c Robert W. Sebesta | |
| 260 | |a Boston | ||
| 260 | |b Pearson/Addison-Wesley | ||
| 260 | |c 2006 | ||
| 650 | |a Programming languages (electronic computers) | ||
| 904 | |i Giang | ||
| 980 | |a Trung tâm Học liệu Trường Đại học Cần Thơ | ||